|
|
|
|
| LEADER |
00000nab a2200000ua 4500 |
| 001 |
vtls010777327 |
| 003 |
SK-MaSNL |
| 005 |
20260303123418.0 |
| 008 |
230214s xo |||||||||||||||||cze| |
| 035 |
|
|
|a (urnnbn)urn:nbn:sk:snk:ar-a034jo
|
| 035 |
|
|
|a (uuid)2d2ed78f-f77c-439e-a8c1-5ce137089d7d
|
| 035 |
|
|
|a urn:nbn:sk:snk-ab5372
|
| 040 |
|
|
|a SNKBUCL
|b slo
|c SNKBUCL
|e AACR2
|
| 041 |
0 |
|
|a cze
|
| 044 |
|
|
|a xo
|c SK
|
| 100 |
1 |
|
|a Mělka, Jaroslav,
|d 1904-1992
|4 aut
|9 212344
|
| 245 |
1 |
0 |
|a VÝSLEDKY URČOVÁNÍ MNOŽSTVÍ HAEMOGLOBINU KOLORIMETRICKY VE SROVNÁNÍ S HODNOTAMI, ZÍSKANÝMI URČENÍM KYSLÍKOVÉ KAPACITY KRVE
|c Jaroslav Mělka
|
| 773 |
0 |
|
|t Bratislavské lekárske listy
|g Roč. 6, č. 3 (1926-1927), s. [113]-122
|
| 954 |
|
|
|a odborná, vedecká literatúra cudzojazyčná (svetová)
|2 lita
|
| 958 |
|
|
|a OND
|
| 958 |
|
|
|a EUIPO
|
| 958 |
|
|
|a article3
|
| 999 |
|
|
|c 1925761
|d 1927691
|